000 00415nam a2200181Ia 4500
001 14806
005 20260306164941.0
008 260306t2011||||xx |||||||||||||| ||spa||
041 _aESP
082 _a519.4
_bB94
100 _aBurden, Richard L.
_eAUT
245 0 _aAnálisis numérico
260 _c2011
300 _a871 páginas :
_c27 cm.
650 _aGEN
654 _aCMA
942 _cLIB
_dJUS
_fJUS
_2ddc
_n
999 _c14806
_d14806